Normal view
MARC view
Entry Personal Name
001 - CONTROL NUMBER
- control field: 14505
003 - CONTROL NUMBER IDENTIFIER
- control field: BD-RjUL
005 - DATE AND TIME OF LATEST TRANSACTION
- control field: 20241202114330.0
008 - FIXED-LENGTH DATA ELEMENTS
- fixed length control field: 241202|| aca||aabn | a|a d
040 ## - CATALOGING SOURCE
- Original cataloging agency: BD-RjUL
- Transcribing agency: BD-RjUL
100 ## - HEADING--PERSONAL NAME
- Personal name: হক, মোহাম্মদ নাজিমুল, গবেষণা তত্ত্বাবধায়ক
670 ## - SOURCE DATA FOUND
- Source citation: Work cat.: (BD-RjUL)84401: হোসাইন, মোঃ কবির 14502, বাংলাদেশে অন্তর্ভুক্তিমূলক শিক্ষায় বুদ্ধিপ্রতিবন্ধী শিশুর পরিবারের আর্থ-সামাজিক প্রতিবন্ধকতা /, ২০২৩